000 00935nam a22003017a 4500
001 BR0502065
003 BR-BrBNA
005 20230928101901.0
007 ta
008 230509b bl.||||| |||| 00| 0 por d
040 _aBR-BrBNA
_bpor
_cBiblioteca Nacional de Agricultura
041 _a(Por)
072 _aE50
090 _ E50 BR0502065
110 1 _aServiço Nacional de Aprendizagem Rural, Curitiba, PR (Brasil). Administração regional do Estado do Paraná
245 1 _aTrabalhador em turismo rural; planejando e implantando pousadas rurais
_bColeção SENAR - 60
260 3 _aCuritiba, PR (Brasil):
_c2003.
300 _a143 p.
500 _a48 tables; 17 illus.
650 _aTURISMO
650 _aZONA RURAL
650 _aEMPRESA RURAL
650 _aADMINISTRAÇÃO RURAL
650 _aPLANEJAMENTO RURAL
650 _aDESENVOLVIMENTO SUSTENTÁVEL
909 _a202309
_bLucia
_c55
_dLucia Elande
942 _cBK
999 _c68048
_d68048